| 000 | 00843nam a22003017a 4500 | ||
|---|---|---|---|
| 001 | 0030956 | ||
| 003 | KOHA_MİRAKIL | ||
| 005 | 20260207002746.0 | ||
| 007 | ta | ||
| 008 | 110801b1991 tu a|||gr||||#0|||1|tur | | ||
| 020 | _a9753630026 | ||
| 040 |
_aTR-BiSEU _btur _cTR-BiSEU _erda |
||
| 041 | 0 | _atur | |
| 044 | _ctu | ||
| 050 |
_aPL248.R54 _bO38 1991 |
||
| 100 | 0 | _aOktay Rifat. | |
| 245 | 1 |
_aOktay Rifat kitabı/ _cOktay Rifat ; Oktay Rifat. |
|
| 264 | 1 |
_aİstanbul : _bYapı Kredi Yayınları _c1991 |
|
| 300 |
_a143 sayfa : _bresimli; 24 cm. |
||
| 336 |
_ametin _btxt _2rdacontent |
||
| 337 |
_aaracısız _bn _2rdamedia |
||
| 338 |
_acilt _bnc _2rdacarrier |
||
| 650 | 0 |
_aOktay Rifat, 1914-1988. _960995 |
|
| 650 | 0 |
_aPainters--Turkey. _949068 |
|
| 650 | 0 |
_aPainting, Turkish. _915905 |
|
| 907 | _aRoman | ||
| 942 |
_2lcc _cBK |
||
| 999 |
_c30876 _d30876 |
||